| 000 | 00840cam a2200217 i 4500 | ||
|---|---|---|---|
| 005 | 20251108171805.0 | ||
| 008 | 250721s2003 jo a gr 000 0 ara d | ||
| 082 | 1 | 4 |
_a006.68 _bق ا ض |
| 100 | 1 |
_aالقاضي، محمد _eمؤلف. |
|
| 245 | 1 | 2 |
_aالرسم الهندسي بإستخدام الحاسوب : _b(الأوتوكاد) / _cم.مجمد القاضي, م زينب الدوس,م.حسن الدباس. |
| 264 | 1 |
_aعمان : _bدار الصفاء للنشر و التوزيع، _c2003. |
|
| 300 | _a320 صفحة. | ||
| 650 | 1 | 7 | _aقاض. |
| 650 | 1 | 7 | _aالرسوم التصويرية المحوسبة. |
| 650 | 1 | 7 | _aالرسم المعماري. |
| 650 | 1 | 7 | _aأوتوكاد. |
| 700 | 1 |
_aدوس، زينب _eمؤلف. |
|
| 700 | 1 |
_aالدباس، حسن _eمؤلف. |
|
| 942 |
_2ddc _cBK |
||
| 999 |
_c62570 _d62570 |
||